Bharat Mata: (Record no. 8730)

MARC details
000 -LEADER
fixed length control field 00781 a2200217 4500
010 ## - LIBRARY OF CONGRESS CONTROL NUMBER
LC control number ENG-88554
020 ## - INTERNATIONAL STANDARD BOOK NUMBER
International Standard Book Number 0195685180
Terms of availability 2750.00
035 ## - SYSTEM CONTROL NUMBER
System control number EN-72087
037 ## - SOURCE OF ACQUISITION
Source of stock number/acquisition DBAD / PUB
082 14 - DEWEY DECIMAL CLASSIFICATION NUMBER
Classification number 743.98
090 ## - LOCALLY ASSIGNED LC-TYPE CALL NUMBER (OCLC); LOCAL CALL NUMBER (OCLC)
-- 8891
-- 8891
100 ## - MAIN ENTRY--PERSONAL NAME
Personal name Neumayer, Erwin
245 1# - TITLE STATEMENT
Title Bharat Mata:
Statement of responsibility, etc by Erwin Neumayer [and] Christine Schelberger
Remainder of title India's freedom movement in popular art/
260 ## - PUBLICATION, DISTRIBUTION, ETC. (IMPRINT)
Place of publication, distribution, etc New Delhi
Name of publisher, distributor, etc Oxford University Press
Date of publication, distribution, etc 2008
270 ## - ADDRESS
Address YMCA Library Building, Jai Singh Road
City New Delhi
Postal code 110 001
300 ## - PHYSICAL DESCRIPTION
Extent xx, 218p.:
Dimensions 29cm ( Hb.)
Other physical details b & w, col. photos
500 ## - GENERAL NOTE
General note Includes index
700 ## - ADDED ENTRY--PERSONAL NAME
Personal name Schelberger, Christine
942 ## - ADDED ENTRY ELEMENTS (KOHA)
Institution code [OBSOLETE] dpl
Koha item type English Books
Call number prefix 743.98 / NEU
Holdings
Withdrawn status Lost status Source of classification or shelving scheme Damaged status Not for loan Collection code Home library Current library Source of acquisition Cost, normal purchase price Total Checkouts Full call number Barcode Date last seen Copy number Uniform Resource Identifier Cost, replacement price Price effective from Koha item type
    Dewey Decimal Classification   Not For Loan Non-fiction D.B.Act.Division D.B.Act.Division DBAD/PUB 2750.00   743.98 NEU EN-72087 15/09/2008 1 9673 2750.00 15/09/2008 English Books

© Delhi Public Library
Hit Counter
free hit counter